Vorwort

Saved in:
Bibliographic Details
Main Authors: Haußmann, Annette (Author) , Roleder, Felix (Author)
Format: Chapter/Article Editorial
Language:German
Published: 2026
In: Einsamkeit, Sinnsuche, Teilhabe
Year: 2026, Pages: 5-9
DOI:10.1515/9783111453644-202
Online Access:Verlag, kostenfrei, Volltext: https://doi.org/10.1515/9783111453644-202
Verlag, kostenfrei, Volltext: https://www.degruyterbrill.com/document/doi/10.1515/9783111453644-202/html
Get full text
Author Notes:Annette Haußmann und Felix Roleder

MARC

LEADER 00000naa a2200000 c 4500
001 1962428362
003 DE-627
005 20260224135636.0
007 cr uuu---uuuuu
008 260224s2026 xx |||||o 00| ||ger c
024 7 |a 10.1515/9783111453644-202  |2 doi 
035 |a (DE-627)1962428362 
035 |a (DE-599)KXP1962428362 
040 |a DE-627  |b ger  |c DE-627  |e rda 
041 |a ger 
084 |a 01  |2 sdnb 
100 1 |a Haußmann, Annette  |d 1983-  |e VerfasserIn  |0 (DE-588)1049375858  |0 (DE-627)781840929  |0 (DE-576)40335742X  |4 aut 
245 1 0 |a Vorwort  |c Annette Haußmann und Felix Roleder 
264 1 |c 2026 
300 |a 5 
336 |a Text  |b txt  |2 rdacontent 
337 |a Computermedien  |b c  |2 rdamedia 
338 |a Online-Ressource  |b cr  |2 rdacarrier 
700 1 |a Roleder, Felix  |d 1990-  |e VerfasserIn  |0 (DE-588)1070262293  |0 (DE-627)823415066  |0 (DE-576)42989385X  |4 aut 
773 0 8 |i Enthalten in  |a Einsamkeit, Sinnsuche, Teilhabe (Veranstaltung : 2024 : online)  |t Einsamkeit, Sinnsuche, Teilhabe  |b 1st ed.  |d Berlin/Boston : Walter de Gruyter GmbH, 2026  |g (2026), Seite [V]-IX  |h 1 online resource (XII, 300 pages)  |w (DE-627)1946546372  |z 9783111453644  |z 9783111453958  |7 nnam 
773 1 8 |g year:2026  |g pages:5-9  |g extent:5  |a Vorwort 
776 0 8 |i Erscheint auch als  |n Druck-Ausgabe  |a Haußmann, Annette, 1983 -   |t Vorwort  |d 2026  |w (DE-627)196120259X 
856 4 0 |u https://doi.org/10.1515/9783111453644-202  |x Verlag  |x Resolving-System  |z kostenfrei  |3 Volltext  |7 0 
856 4 0 |u https://www.degruyterbrill.com/document/doi/10.1515/9783111453644-202/html  |x Verlag  |z kostenfrei  |3 Volltext  |7 0 
951 |a AR 
992 |a 20260224 
993 |a Editorial 
994 |a 2026 
998 |g 1049375858  |a Haußmann, Annette  |m 1049375858:Haußmann, Annette  |d 10000  |d 10200  |e 10000PH1049375858  |e 10200PH1049375858  |k 0/10000/  |k 1/10000/10200/  |p 1  |x j 
999 |a KXP-PPN1962428362  |e 4921844372 
BIB |a Y 
JSO |a {"relHost":[{"title":[{"title_sort":"Einsamkeit, Sinnsuche, Teilhabe","subtitle":"Interdisziplinäre Perspektiven Zu Einer Gesellschaftlichen Herausforderung$dinterdisziplinäre Perspektiven zu einer gesellschaftlichen Herausforderung","title":"Einsamkeit, Sinnsuche, Teilhabe"}],"note":["Description based on publisher supplied metadata and other sources","Gesehen am 24.02.2026"],"physDesc":[{"noteIll":"Diagramme","extent":"1 online resource (XII, 300 pages)"}],"origin":[{"dateIssuedKey":"2026","publisher":"Walter de Gruyter GmbH","publisherPlace":"Berlin/Boston","edition":"1st ed.","dateIssuedDisp":"[2026]"}],"disp":"Einsamkeit, Sinnsuche, Teilhabe (Veranstaltung : 2024 : online)Einsamkeit, Sinnsuche, Teilhabe","recId":"1946546372","relMultPart":[{"type":{"media":"Online-Ressource","bibl":"serial"},"part":{"number":["Band 33"],"number_sort":["33"]},"dispAlt":"Praktische Theologie im Wissenschaftsdiskurs","language":["ger","eng"],"id":{"zdb":["2584844-6"],"eki":["641168039"]},"pubHistory":["1.2007 -"],"recId":"641168039","titleTranslated":[{"translated":"Practical theology in the discourse of the humanities"}],"title":[{"title":"Praktische Theologie im Wissenschaftsdiskurs","subtitle":" = Practical theology in the discourse of the humanities","title_sort":"Praktische Theologie im Wissenschaftsdiskurs"}],"physDesc":[{"extent":"Online-Ressource"}],"origin":[{"publisherPlace":"Berlin ; New York, NY","publisher":"de Gruyter","dateIssuedKey":"2007","dateIssuedDisp":"2007-"}],"disp":"Praktische Theologie Im Wissenschaftsdiskurs"}],"part":{"year":"2026","extent":"5","text":"(2026), Seite [V]-IX","pages":"5-9"},"language":["ger"],"id":{"doi":["10.1515/9783111453644"],"isbn":["9783111453644","9783111453958"],"eki":["1946546372"]},"name":{"displayForm":["herausgegeben von Annette Haußmann und Felix Roleder"]},"corporate":[{"display":"Einsamkeit, Sinnsuche, Teilhabe (2024, online)","role":"aut"},{"display":"Walter de Gruyter GmbH & Co. KG","role":"pbl"}],"person":[{"given":"Annette","family":"Haußmann","display":"Haußmann, Annette","role":"edt"},{"role":"edt","display":"Roleder, Felix","family":"Roleder","given":"Felix"}],"type":{"bibl":"book","media":"Online-Ressource"}}],"recId":"1962428362","type":{"bibl":"chapter","media":"Online-Ressource"},"person":[{"display":"Haußmann, Annette","role":"aut","given":"Annette","family":"Haußmann"},{"family":"Roleder","given":"Felix","display":"Roleder, Felix","role":"aut"}],"name":{"displayForm":["Annette Haußmann und Felix Roleder"]},"id":{"doi":["10.1515/9783111453644-202"],"eki":["1962428362"]},"origin":[{"dateIssuedKey":"2026","dateIssuedDisp":"2026"}],"physDesc":[{"extent":"5 S."}],"title":[{"title":"Vorwort","title_sort":"Vorwort"}],"language":["ger"]} 
SRT |a HAUSSMANNAVORWORT2026